00810cam a22002412 45000010005000000030006000050050017000110080039000280200015000670350035000820400028001170410008001450820020001531000046001732450051002192600028002703000054002985040030003526500023003829420012004059990015004179520136004323701UkOxU20211208233755.0131219s1968 enkabf b 001 0 eng a0571085830 aOCLC ocm00017702 from D971113M aDLCcDLCdUKMdEQObeng aeng a581.509153bWHG1 aWhyte, R. O.q(Robert Orr),d1903-91175210aGrasslands of the monsoon /c[by] R. O. Whyte. aLondon :bFaber,c1968. a3-325 p.b14 plates, illus., maps, index.c23 cm. aBibliography: p. 287-299. 0aGrasslands.911753 2ddccBK c3701d3701 00102ddc40718NFICaRUCLbRUCLcReadingd1970-07-01eZitlingerl0o581.509153 WHG 1968r2013-12-19 00:00:00tC-1w2021-12-08yBK